Necesidades sociales y programas alimentarios: las redes de la pobreza

Сохранить в:
Библиографические подробности
Главный автор: Clemente, Adriana (Автор)
Формат:
Язык:испанский
Опубликовано: Buenos Aires Espacio 2010
Редактирование:1a. ed
Серии:Colección Ciencias Sociales
Предметы:
Метки: Добавить метку
Нет меток, Требуется 1-ая метка записи!

MARC

LEADER 00000cam a2200000 a 4500
001 UCF7809
003 CL-VaPUC
008 130711e20100000AG |||||||||||||||||spa|d
020 |a 9789508023254 
082 0 4 |a 363.8  |b CLE  |2 21 
100 0 |a Clemente, Adriana  |e author  |9 569917 
245 1 0 |a Necesidades sociales y programas alimentarios: las redes de la pobreza 
250 |a 1a. ed 
300 |a 230 p 
942 |c BK 
945 |d 20130711 00:00:00  |a cmena 
260 |a Buenos Aires  |b Espacio  |c 2010 
650 0 |a Pobreza  |9 258652 
650 0 |a Acción social  |9 307836 
650 7 |a PROGRAMAS ALIMENTARIOS  |2 CL-VaPUC  |9 331472 
583 |a last modification  |c 20130711 11:26:00  |k Rodrigo Vera 
490 0 |a Colección Ciencias Sociales 
999 |c 352571  |d 352569 
952 |0 0  |1 0  |4 0  |6 363_800000000000000_CLE_2010  |7 0  |8 A  |9 457134  |a BIBGIM  |b BIBGIM  |d 2019-11-22  |i 4988124  |l 1  |o 363.8 CLE 2010  |p 4988124  |r 2025-03-24  |s 2025-03-24  |w 2019-11-22  |y BK  |k SSL